000 00885nam a22002537a 4500
005 20170123162357.0
010 _aB-098285
020 _c120.00
035 _aB-098285
037 _bCen Lib/Ret
040 _aDPL
_bUR
082 _a270
_2ع ب د
100 _aعبد الرّشيد
_9108592
245 _aاسلام اور تعمير شخصّيت
_cعبد الرّشيد
246 _aISLAM AUR TAMEER-E-SHAKHSIYAT /
_bby Abdul Rasheed
260 _aنئ دہلی
_bمکتبہ الحسنات
_c2004
270 _a2241، کوجہ چيلان
_b دہلی
_e110006
300 _a302ص
_c20cm(Hb)
650 _a اردو ادب
_v
_9143472
650 _aاردو -- رومانوی زبانوں کے ادب
_9135016
650 _aUrdu literature
_9143473
650 _aLiteratures of Romance languages
_9135018
942 _2ddc
_cUR
_h270.41
_mع ب د
999 _c109611
_d109611